00373 2200157 4500245004400000020002200044250001100066100001600077650001600093005001900109260003300128041001400161084000800175300002300183336000900206 aFrom Manga With LovecWira YunilahText a978-602-7881-76-1 aCet. 1 aWira Yunila aNovel Fiksi a20230117134849 aYogakartabBuku Pintarc2013 aIndonesia a813 a320 hlm. :c19 cm. atext